000 00723nam a22002537a 4500
005 20170124110036.0
010 _aA-760048
020 _c00.00
_a8185931062
035 _aA-760048
037 _bCen Lib/Ret
040 _aDPL
_bEN
082 _a515.2433
_bHEL
100 _aHelson, Henry
_922615
245 _aHarmonic analysis /
_cby Henry Helson
250 _a2nd ed
260 _a Delhi
_bHinustan Book Agency
_c1995
270 _a17 U B ,Jawahar Nagar
_bDelhi
_e110007
300 _a227p.
_c20cm(Hb)
500 _aIncludes bibliographical reference and index
650 _aMathematics
_98937
650 _aHarmonic analysis
_922616
700 _922593
942 _2ddc
_cEN
_h515.2433
_mHEL
999 _c128177
_d128177